Find the Countries of the World Quiz Stats

 Plays Quiz Updated Jul 2, 2018

Score 0/197 Timer 20:00
29 Plays Today
% Correct
Russia
71.3%
United States
71.2%
China
71%
Canada
70.9%
Brazil
70.8%
Australia
70.8%
Mexico
70.6%
India
70.5%
South Africa
70.2%
UK
70.1%
Italy
70%
Japan
69.7%
Spain
69.6%
Iceland
69.4%
Madagascar
69.4%
North Korea
69.2%
Egypt
69.2%
South Korea
69.1%
Ireland
69%
Chile
68.9%
France
68.8%
Portugal
68.5%
Argentina
68.4%
Germany
68.4%
Greece
68.1%
New Zealand
68.1%
Saudi Arabia
67.8%
Sweden
67.8%
Norway
67.7%
Turkey
67.5%
Mongolia
67.1%
Finland
67%
Indonesia
66.8%
Cuba
66.7%
Poland
65.8%
Denmark
65.3%
Panama
65.3%
Philippines
65.3%
Peru
65.2%
Morocco
65.1%
Sudan
65%
Pakistan
64.9%
South Sudan
64.9%
Ukraine
64.9%
Vatican City
64.9%
Sri Lanka
64.5%
Iran
64.5%
Colombia
64.3%
Vietnam
64.1%
Libya
64.1%
Kazakhstan
64%
Belgium
63.9%
Nepal
63.9%
Netherlands
63.9%
Switzerland
63.8%
DRC
63.6%
Algeria
63.5%
Iraq
63.4%
Taiwan
62.9%
Venezuela
62.7%
Israel
62.5%
Yemen
62.4%
Austria
62.3%
Somalia
62.3%
Afghanistan
62.2%
Ethiopia
62.2%
% Correct
Ecuador
62.1%
Papua New Guinea
61.8%
The Bahamas
61.8%
Paraguay
61.8%
CAR
61.7%
Thailand
61.6%
Uruguay
61.5%
Bangladesh
61.4%
Oman
61.3%
Bolivia
61.2%
Romania
61.1%
Tunisia
61%
Malaysia
60.9%
Niger
60.8%
Palestine
60.3%
Chad
60.2%
Croatia
60.2%
Singapore
60.1%
UAE
60.1%
Estonia
60.1%
Cyprus
59.7%
Haiti
59.6%
Dominican Republic
59.5%
Nigeria
59.5%
San Marino
59.5%
Liechtenstein
59.4%
Laos
59.2%
Syria
59.1%
Myanmar
59.1%
Hungary
59%
Andorra
59%
Latvia
58.9%
Belarus
58.9%
Czechia
58.9%
Kenya
58.9%
Monaco
58.9%
Lithuania
58.7%
Cambodia
58.7%
Bulgaria
58.4%
Mozambique
57.7%
Maldives
57.6%
Lesotho
57.6%
Jamaica
57.5%
Slovakia
57.3%
Lebanon
57.3%
Eritrea
57%
Costa
Rica
56.5%
Bosnia
56.6%
Mali
56.5%
Bhutan
56.3%
Uzbekistan
56.3%
Albania
56.3%
Macedonia
56.2%
Luxembourg
56.1%
Angola
56%
Namibia
55.7%
Malta
55.6%
Tanzania
55.5%
Nicaragua
55.4%
Suriname
55.4%
Georgia
55.4%
Kosovo
55.1%
eSwatini
55%
Cabo Verde
55%
Belize
55%
Serbia
54.8%
% Correct
Moldova
54.8%
Slovenia
54.8%
El Salvador
54.6%
Zimbabwe
54.6%
Guatemala
54.6%
Turkmenistan
54.6%
Rep. Congo
54.6%
Honduras
54.6%
Jordan
54.5%
Mauritania
54.4%
Kyrgyzstan
54.2%
Botswana
54.2%
Azerbaijan
53.9%
Seychelles
53.9%
Djibouti
53.6%
Guyana
53.5%
Uganda
53.3%
Cameroon
53.2%
Côte d'Ivoire
53.1%
Trinidad
and Tobago
52.6%
Bahrain
52.5%
Togo
52.3%
Montenegro
52.1%
Rwanda
52.1%
Zambia
51.7%
Senegal
51.4%
Kuwait
51.2%
Ghana
51%
São Tomé
51%
Micronesia
50.8%
Tajikistan
50.7%
Burkina Faso
50.7%
Benin
50.6%
Malawi
50.6%
Equatorial Guinea
50.2%
Armenia
49.7%
Sierra Leone
49.2%
Comoros
49.1%
The Gambia
49%
Gabon
48.9%
Liberia
48.8%
Guinea
48.8%
Mauritius
48.1%
Qatar
48%
Guinea-Bissau
47.6%
Burundi
47.4%
Timor-Leste
46.6%
St. Vincent and
the Grenadines
45.6%
Fiji
45.5%
Barbados
45.4%
Brunei
44.2%
St. Lucia
43.3%
Antigua
and Barbuda
40.9%
Dominica
40.7%
Solomon Islands
40.6%
Kiribati
40.3%
Grenada
40%
Nauru
39%
Samoa
38%
Tuvalu
37.3%
St. Kitts
and Nevis
37.1%
Marshall Islands
36.8%
Vanuatu
36.6%
Tonga
36.5%
Palau
35.8%

You're not logged in!

Compare scores with friends on all Sporcle quizzes.
Join for Free
OR
Log In

You Might Also Like...

Show Comments

Extras

Top Quizzes Today


Score Distribution

Your Account Isn't Verified!

In order to create a playlist on Sporcle, you need to verify the email address you used during registration. Go to your Sporcle Settings to finish the process.

Report this User

Report this user for behavior that violates our Community Guidelines.

Details: